Obálka Náhled e-knihy:
PDF
Pro půjčování e-knih musíte být přihlášeni.
Jak si půjčit online?

Včelka Meduška : pohádky z včelího úlu /

I když má Meduška práce nad hlavu, vždycky si najde čas na zvídavé otázky malé včelí larvičky a vypráví jí o tom, jak to chodí v úlu a kdo má co na starosti. Dozvíte se spoustu věcí nejen o včelkách, ale i čmelácích, beruškách nebo vosách. Krásné pohádky pro nejmenší, díky kterým poznají, jak to cho...

Celý popis

Uloženo v:
Série:Včelka Meduška, část
Hlavní autor: Šiborová, Zdeňka (Autor)
Další autoři: Tatíčková, Petra, 1978- (Autor)
Médium: E-kniha
Jazyk:Czech
Vydáno: Praha : Fragment, 2018
Vydání:1. vydání
Témata:
Příbuzné jednotky:Z cyklu:: Včelka Meduška
Tagy:
Žádné tagy
LEADER 02485nam a2200505 i 4500
001 310900
003 CZ PrSKC
005 20260601215656.0
007 ta
008 180522s2018 xr a a 000 j cze
015 |a cnb002998103 
020 |a 9788025336809  |q (vázáno) :  |c Kč 229,00 
035 |a (OCoLC)1043897193 
040 |a BOA001  |b cze  |e rda 
072 7 |a 821.162.3-3  |x Česká próza  |2 Konspekt 
072 7 |a 821-93  |x Literatura pro děti a mládež (beletrie)  |2 Konspekt 
080 |a 821.162.3-32  |2 MRF 
080 |a 821-93  |2 MRF 
080 |a (0:82-32)  |2 MRF 
100 1 |a Šiborová, Zdeňka  |7 mzk2016907712  |4 aut 
245 1 0 |a Včelka Meduška :  |b pohádky z včelího úlu /  |c Zdeňka Šiborová ; ilustrovala Petra Tatíčková 
246 3 0 |a Pohádky z včelího úlu 
250 |a 1. vydání 
264 1 |a Praha :  |b Fragment,  |c 2018 
300 |a 85 stran :  |b barevné ilustrace ;  |c 29 cm 
336 |a text  |b txt  |2 rdacontent 
336 |a statický obraz  |b sti  |2 rdacontent 
337 |a bez média  |b n  |2 rdamedia 
338 |a svazek  |b nc  |2 rdacarrier 
500 |a Dotisk 2019 
520 2 |a I když má Meduška práce nad hlavu, vždycky si najde čas na zvídavé otázky malé včelí larvičky a vypráví jí o tom, jak to chodí v úlu a kdo má co na starosti. Dozvíte se spoustu věcí nejen o včelkách, ale i čmelácích, beruškách nebo vosách. Krásné pohádky pro nejmenší, díky kterým poznají, jak to chodí ve včelím úlu. Nakladatelská anotace. Kráceno. 
520 2 |a Meduška je včelka průzkumnice. Od jara do podzimu poletuje po rozkvetlé louce a hledá pro ostatní včely květy s tím nejlepším pylem. Pro mladší děti. 
521 8 |a Pro děti od 4 let 
655 7 |a české příběhy  |7 fd133973  |2 czenas 
655 7 |a publikace pro děti  |7 fd133156  |2 czenas 
655 9 |a Czech stories  |2 eczenas 
655 9 |a children's literature  |2 eczenas 
700 1 |a Tatíčková, Petra,  |d 1978-  |7 hka2014850937  |4 ill 
787 0 8 |i Z cyklu:  |t Včelka Meduška 
900 |a ABA001  |b 21 
928 9 |a Albatros Media - Fragment 
044 |a xr 
910 |a RBIT002 
998 |d 178373  |a https://core.palmknihy.cz/api/books/178373/cover?p8reej  |b https://core.palmknihy.cz/api/books/178373/cover/400?p8reej  |c https://core.palmknihy.cz/api/books/178373/cover/50?p8reej  |e 2039-12-31  |g 88  |i 9788025336809  |k https://core.palmknihy.cz/api/books/178373/preview.pdf  |l   |q 49  |r 1  |s https://www.palmknihy.cz/kniha/178373  |t ebook  |y 2018  |z 0 
999 |d 310898